| 000 | 00364nam a2200145Ia 4500 | ||
|---|---|---|---|
| 008 | 130318s9999 xx 000 0 und d | ||
| 020 | _a8174460918 | ||
| 082 | _a658.45 DIW/B | ||
| 100 | _aDiwan, Parag | ||
| 245 | _aBusiness communication | ||
| 260 |
_bExcel Books _aNew Delhi _c1997 |
||
| 300 | _a144 | ||
| 650 | _aBUSINESS COMMUNICATION | ||
| 650 | _aCOMMUNICATION | ||
| 999 |
_c1117 _d1117 |
||